书目信息

书名: 高级语言程序设计 
作者: 王兆晖 主编
出版信息: 西安   西安电子科技大学出版社  2019.7
开本页数: 26cm  248页
丛书名: 普通高等教育新工科电子信息类课改系列教材
单 册:
中图分类: TP312C
科图分类:
主题词: C语言--C yu yan--程序设计--高等教育--教材
电子资源:
ISBN: 978-7-5606-5229-0
000 01406nam 2200289 450
001 012023001090
005 20231013144351.7
010    @a978-7-5606-5229-0@dCNY43.00
100    @a20231008d2019 em y0chiy50 ea
101 @achi
102    @aCN@b610000
105    @aak a 000yy
106    @ar
200 @a高级语言程序设计@Agao ji yu yan cheng xu she ji@e从C到C++@f主编王兆晖
205    @a第2版
210    @a西安@c西安电子科技大学出版社@d2019.7
215    @a248页@c图@d26cm
225 @a普通高等教育新工科电子信息类课改系列教材@Apu tong gao deng jiao yu xin gong ke dian zi xin xi lei ke gai ji lie jiao cai
320    @a有书目 (第248页)
330    @a本书涵盖从面向过程编程到面向对象编程的基本内容, 通过对C语言的基本概念、基本语法以及三种基本结构的介绍, 读者可以领会结构化程序设计的基本原理, 并使用C语言进行简单程序设计; 在了解与掌握C语言的基础上, 通过对C++的抽象、封装、继承、多态四个特征的介绍, 读者可以了解面向对象程序设计方法的基本思想。本书内容的讲解浅显易懂, 通过学习, 读者可完成从没有接触过程序设计到基本了解程序设计这一学习过程, 为进一步的专业学习打下一个良好的基础。
410  0 @12001 @a普通高等教育新工科电子信息类课改系列教材
517 @a从C到C++@Acong C dao C++
606 @aC语言@AC yu yan@x程序设计@x高等教育@j教材
690    @aTP312C@v5
701  0 @a王兆晖@Awang zhao hui@4主编
801  0 @aCN@bCDNYKJZYXY@c20231008
905    @aCDNYKJZYXY@b300694545-7@dTP312C@e375@f3
    
    高级语言程序设计:从C到C++/主编王兆晖.-第2版.-西安:西安电子科技大学出版社,2019.7
    248页:图;26cm.-(普通高等教育新工科电子信息类课改系列教材)
    
    
    ISBN 978-7-5606-5229-0:CNY43.00
    本书涵盖从面向过程编程到面向对象编程的基本内容, 通过对C语言的基本概念、基本语法以及三种基本结构的介绍, 读者可以领会结构化程序设计的基本原理, 并使用C语言进行简单程序设计; 在了解与掌握C语言的基础上, 通过对C++的抽象、封装、继承、多态四个特征的介绍, 读者可以了解面向对象程序设计方法的基本思想。本书内容的讲解浅显易懂, 通过学习, 读者可完成从没有接触过程序设计到基本了解程序设计这一学习过程, 为进一步的专业学习打下一个良好的基础。
相关链接 在五车中查询图书 在当当中查询图书 在豆瓣中查询图书


正题名:高级语言程序设计     索取号:TP312C/375         预约/预借

序号 登录号 条形码 馆藏地/架位号 状态 备注
1 694545   300694545   海科-1楼/4架9列5层/ [索取号:TP312C/375] 在馆    
2 694546   300694546   海科-1楼/4架9列5层/ [索取号:TP312C/375] 在馆    
3 694547   300694547   海科-1楼/4架9列5层/ [索取号:TP312C/375] 在馆